000 01865cam a22004694i 4500
003 PE-LiUPU
005 20250731184544.0
008 150625s r 000 0 d
035 _a(Sirsi) a30519
040 _aPE-LiUPU
_bspa
_cPE-LiUPU
_erda
082 0 4 _a980.514
_bR35
_221
100 1 _aRegan, Jaime,
_eautor.
_93849
245 1 0 _aHacia La Tierra Sin Mal :
_bEstudio sobre la religiosidad de pueblo en la amazonía /
_cJaime Regan.
264 1 _aIquitos, Perú :
_bCentro de estudios tecnologicos de la amazonia,
_c1983.
300 _a2 tomos ;
_c20.5 centímetros.
336 _atext
_2rdacontent
337 _aunmediated
_2rdamedia
338 _avolume
_2rdacarrier
505 0 _aTomo 1: Genesis y metodología del estudio. -El contexto histórico. -El contexto socioeconómico. -El universo mítico. -Los espíritus del agua y del monte. -La persona humana. -
505 0 _aTomo 2 : El chamanismo. -El ciclo ritual de la vida. -El ciclo ritual católico. -Un nuevo movimiento religioso. -Conclusiones.
526 _aP136
526 _aP135
526 _aP134
526 _aP133
526 _aP144
526 _aP143
526 _aP87
526 _aP35
526 _aP20
526 _aP14
526 _aP10
526 _aP06
650 1 8 _aReligión
_zPerú
_zAmazonía.
_93850
650 1 8 _aCultura popular
_zPerú
_zAmazonía.
_93851
650 2 8 _aAmazonía (Perú)
_xVida y costumbres sociales.
_93852
710 _aCentro Amazónico de Antropología y Aplicación Práctica (Lima)
_93853
710 _aCentro de Estudios Teológicos de la Amazonía (Iquitos)
_93854
942 _2ddc
_cBK
949 _a220.014857 R35 1
_wDEWEY
_c1
_i36412
_lCCODEBUL1
_mBUL
_p00.00
_r0
_sY
_tBOOK
_u2015-06-25
_xBIBLIOTECA
_zUNKNOWN
_0COMPRA
_o.STAFF. Colección General
999 _c37972
_d37972
980 _81
_gALBERTO SANCHEZ Responsable de Automatización